Začínajte v malom a pomaly sa rozrastajte

Zložitosť prostredia na Slovensku pre malých podnikateľov. Porovnanie získavania úveru v USA. Kritériá na získanie úveru. Ako ďalej, keď banka odmietne poskytnúť úver. Nároky na prevádzkový kapitál.

Guardado en:
Detalles Bibliográficos
Autor principal: Bicks, S.
Formato: Capítulo de libro
Lenguaje:eslovaco
Materias:
Etiquetas: Agregar Etiqueta
Sin Etiquetas, Sea el primero en etiquetar este registro!

MARC

LEADER 00000naa a2200000 4500
001 r019778
005 20221213101228.1
041 0 |a slo 
044 |a SK 
245 1 0 |a Začínajte v malom a pomaly sa rozrastajte  |c S. Bicks 
520 |a Zložitosť prostredia na Slovensku pre malých podnikateľov. Porovnanie získavania úveru v USA. Kritériá na získanie úveru. Ako ďalej, keď banka odmietne poskytnúť úver. Nároky na prevádzkový kapitál. 
610 2 0 |a podnikanie súkromné 
610 2 0 |a podnik malý 
610 2 0 |a podnikatelia 
610 2 0 |a prostredie podnikateľské 
610 2 0 |a banky 
610 2 0 |a úver 
610 2 0 |a kapitál prevádzkový 
610 2 0 |a USA 
100 1 |a Bicks, S.